000 01158cam a2200301 a 4500
001 000005731
003 DO-SdBNP
005 20251204073702.0
008 970514s1996 ck a b 001 0dspa
020 _a9586122557
040 _aDO-SdBNP
_bspa
_cDLC
_dBNPHU
082 _a986.103
_bM385e
100 1 _aMartínez Cedeño, Aída
_916208
245 1 0 _aExtravíos :
_bel mundo de los criollos ilustrados /
_cAída Martínez Carreño.
260 _aSantafé, Bogotá, (Colombia) :
_bColcultura,
_c1996.
300 _axiv, 138 p. :
_bil. ;
_c21 cm.
504 _aIncluye referencias bibliográficas.
586 _aPremios nacionales de cultura, 1995.
600 1 4 _aMutis Consuegra, Micaela,
_d1783-1841.
_916209
600 1 4 _aValenzuela Mantilla, Miguel,
_916213
600 1 4 _aGonzález Bautista, Juan
_916214
650 4 _aMujeres en la historia
_zColombia
_916212
650 0 _aAdministración de justicia
_zColombia
_xHistoria
_ySiglo XIX
_910083
651 4 _aGirón (Colombia)
_xVida social y costumbres
_916210
651 4 _aColombia
_xHistoria
_yGuerra independencia, 1810-1822.
_916211
910 _aCatalogación por copia / LC
942 _2ddc
_cLBS1
999 _c5527
_d5527